政令指定都市の区の人口ランキング(簡単) - Statistics

General Stats
  • This quiz has been taken 61 times
    58 since last reset
  • The average score is 119 of 171
Answer Stats
市名 人口 区名 % Correct
浜松市 604410 中央区
98%
相模原市 271862 中央区
98%
札幌市 245916 中央区
98%
千葉市 216963 中央区
98%
福岡市 201392 中央区
98%
熊本市 176575 中央区
98%
新潟市 172041 中央区
98%
神戸市 140761 中央区
98%
大阪市 118771 中央区
98%
さいたま市 103111 中央区
98%
福岡市 330429 東区
96%
札幌市 260418 東区
96%
神戸市 231386 西区
96%
札幌市 218835 西区
96%
福岡市 209184 西区
96%
熊本市 191055 東区
96%
広島市 184899 西区
96%
新潟市 152266 西区
96%
名古屋市 147999 西区
96%
堺市 134876 西区
96%
新潟市 130833 東区
96%
広島市 117089 東区
96%
大阪市 110826 西区
96%
横浜市 106188 西区
96%
さいたま市 95597 西区
96%
岡山市 91180 東区
96%
熊本市 90147 西区
96%
堺市 85994 東区
96%
名古屋市 85185 東区
96%
岡山市 294198 北区
93%
札幌市 284333 北区
93%
神戸市 208114 北区
93%
名古屋市 161333 北区
93%
堺市 156441 北区
93%
さいたま市 151122 北区
93%
大阪市 141357 北区
93%
熊本市 139711 北区
93%
京都市 106500 北区
93%
新潟市 70155 北区
93%
相模原市 278860 南区
91%
福岡市 270351 南区
91%
横浜市 200586 南区
91%
さいたま市 195507 南区
91%
岡山市 164472 南区
91%
横浜市 155366 中区
91%
岡山市 145840 中区
91%
広島市 140221 南区
91%
広島市 137102 中区
91%
熊本市 133843 南区
91%
札幌市 133337 南区
91%
堺市 132177 南区
91%
名古屋市 131917 南区
91%
堺市 118050 中区
91%
京都市 100929 南区
91%
名古屋市 99504 中区
91%
新潟市 42214 南区
91%
横浜市 306960 青葉区
89%
仙台市 296338 青葉区
89%
京都市 190590 右京区
84%
京都市 150504 左京区
84%
横浜市 358165 港北区
82%
北九州市 204206 小倉南区
82%
北九州市 177556 小倉北区
80%
さいたま市 169815 浦和区
80%
川崎市 233887 川崎区
78%
さいたま市 126417 大宮区
78%
浜松市 24845 天竜区
78%
名古屋市 249204 緑区
76%
横浜市 181558 緑区
76%
相模原市 165772 緑区
76%
さいたま市 134711 緑区
76%
千葉市 129402 緑区
76%
京都市 77491 下京区
76%
横浜市 295947 鶴見区
73%
福岡市 245867 博多区
73%
大阪市 111616 鶴見区
73%
京都市 105936 中京区
73%
京都市 75308 上京区
73%
横浜市 211469 港南区
71%
名古屋市 141271 港区
71%
北九州市 91037 門司区
71%
大阪市 80247 港区
71%
横浜市 280846 戸塚区
69%
静岡市 244034 葵区
69%
大阪市 184388 淀川区
69%
堺市 147241 堺区
69%
さいたま市 112135 岩槻区
69%
横浜市 245832 神奈川区
67%
広島市 242704 安佐南区
67%
静岡市 223176 清水区
67%
横浜市 202706 保土ケ谷区
67%
広島市 136745 安佐北区
67%
横浜市 192009 金沢区
64%
浜松市 154669 浜名区
64%
大阪市 105151 西成区
64%
北九州市 62265 八幡東区
64%
北九州市 244982 八幡西区
62%
札幌市 139810 手稲区
62%
名古屋市 137948 中村区
62%
京都市 265268 伏見区
60%
千葉市 176964 花見川区
60%
京都市 142766 西京区
60%
京都市 125602 山科区
60%
横浜市 120683 栄区
60%
大阪市 84726 天王寺区
60%
神戸市 210422 東灘区
58%
仙台市 207380 泉区
58%
大阪市 171844 東淀川区
58%
横浜市 151056 泉区
58%
神戸市 132080 灘区
58%
大阪市 98386 西淀川区
58%
横浜市 214756 都筑区
56%
千葉市 158426 稲毛区
56%
横浜市 121731 瀬谷区
56%
名古屋市 65904 熱田区
56%
横浜市 241954 旭区
53%
仙台市 234710 太白区
53%
川崎市 218533 多摩区
53%
仙台市 187541 宮城野区
53%
川崎市 177976 麻生区
53%
神戸市 154928 須磨区
53%
神戸市 110227 兵庫区
53%
大阪市 90613 旭区
53%
大阪市 86902 東成区
53%
大阪市 79032 浪速区
53%
大阪市 64155 此花区
53%
札幌市 213531 白石区
51%
大阪市 187648 平野区
51%
横浜市 165586 磯子区
51%
名古屋市 160425 千種区
51%
さいたま市 96620 桜区
51%
京都市 32993 東山区
51%
川崎市 263731 中原区
49%
川崎市 234249 宮前区
49%
名古屋市 215992 中川区
49%
名古屋市 159594 名東区
49%
大阪市 117229 住之江区
49%
大阪市 112617 阿倍野区
49%
北九州市 79060 若松区
49%
川崎市 231957 高津区
47%
福岡市 223528 早良区
47%
神戸市 210779 垂水区
47%
静岡市 205565 駿河区
47%
名古屋市 175961 守山区
47%
川崎市 174808 幸区
47%
大阪市 170197 城東区
47%
千葉市 155380 美浜区
47%
大阪市 152260 住吉区
47%
北九州市 54471 戸畑区
47%
新潟市 52567 西蒲区
47%
名古屋市 156525 天白区
44%
大阪市 133291 東住吉区
44%
大阪市 82015 福島区
44%
新潟市 73907 秋葉区
44%
千葉市 146761 若葉区
42%
仙台市 138173 若林区
42%
福岡市 127389 城南区
42%
名古屋市 107751 瑞穂区
42%
神戸市 94846 長田区
42%
広島市 75166 安芸区
42%
堺市 37214 美原区
42%
札幌市 227092 豊平区
40%
大阪市 106872 都島区
40%
大阪市 61890 大正区
40%
広島市 139617 佐伯区
38%
札幌市 123293 厚別区
38%
名古屋市 106491 昭和区
38%
さいたま市 165465 見沼区
36%
大阪市 126884 生野区
36%
札幌市 109113 清田区
33%
新潟市 67520 江南区
33%
No matching quizzes found
Score Distribution
Percent of People with Each Score
Percentile by Number Answered
Your Score History
You have not taken this quiz since the last reset